Dictionary of archaeological terms : English-German / German-English = Archäologisches fachwörterbuch : Englisch-Deutsch / Deutsch-Englisch /
This concise dictionary is intended to be helpful in the reading of archaeological books and publications, and in the writing of papers and articles in both English and German. The aim of this work is to help, in particular, students and on-site archaeologists to find quickly a word relating to a sp...
المؤلفون الرئيسيون: ,
التنسيق: كتاب الكتروني
اللغة:
English
German
منشور في:
Oxford :
Archaeopress,
2012.
الموضوعات:
الوصول للمادة أونلاين: Login to view Source
الوسوم: إضافة وسم
رقم الطلب:
| LEADER | 02084nam a2200409 i 4500 | ||
|---|---|---|---|
| 001 | EDZ0002773301 | ||
| 003 | StDuBDS | ||
| 005 | 20230412182501.0 | ||
| 006 | m|||||o||d|||||||| | ||
| 007 | cr ||||||||||| | ||
| 008 | 220527s2012 enk fo 000|0|eng|d | ||
| 020 | |a 9781789691641 (PDF ebook) : |c No price | ||
| 040 | |a StDuBDS |b eng |c StDuBDS |e rda |e pn | ||
| 041 | 0 | |a eng |a ger | |
| 082 | 0 | 4 | |a 930.103 |2 23 |
| 100 | 1 | |a Junghans, Marie-Christine, |e author. | |
| 245 | 1 | 0 | |a Dictionary of archaeological terms : |b English-German / German-English = Archäologisches fachwörterbuch : Englisch-Deutsch / Deutsch-Englisch / |c Marie-Christine Junghans, Florian Schimpf. |
| 246 | 3 | 1 | |a Archäologisches fachwörterbuch |
| 264 | 1 | |a Oxford : |b Archaeopress, |c 2012. | |
| 300 | |a 1 online resource (138 pages) | ||
| 336 | |a text |2 rdacontent | ||
| 337 | |a computer |2 rdamedia | ||
| 338 | |a online resource |2 rdacarrier | ||
| 500 | |a Also issued in print: 2012. | ||
| 520 | 8 | |a This concise dictionary is intended to be helpful in the reading of archaeological books and publications, and in the writing of papers and articles in both English and German. The aim of this work is to help, in particular, students and on-site archaeologists to find quickly a word relating to a specific period, a specific area or a research field, in a book easy to carry everywhere; but this dictionary is also intended for those with a general interest in archaeology wishing to broaden their vocabulary. | |
| 521 | |a Specialized. | ||
| 588 | |a Description based on print version record. | ||
| 650 | 0 | |a Archaeology |v Dictionaries. | |
| 650 | 0 | |a English language |v Dictionaries |x German. | |
| 650 | 0 | |a Archaeology |v Dictionaries |x German. | |
| 650 | 0 | |a German language |v Dictionaries |x English. | |
| 700 | 1 | |a Schimpf, Florian, |e author. | |
| 776 | 0 | 8 | |i Print version : |z 9781905739561 |
| 856 | 4 | 0 | |3 Archaeopress |u http://library.arce.org:8087/Archaeopress/Products/9781905739561 |
| 942 | |2 lcc |c EBOOK | ||
| 952 | |0 0 |1 0 |4 0 |7 1 |9 46532 |a ARCH |b ARCH |d 2023-04-12 |l 0 |r 2023-04-12 00:00:00 |w 2023-04-12 |y EBOOK | ||
| 999 | |c 52190 |d 52190 | ||
